LEADER 01026nam0-22003251i-450- 001 990007935060403321 005 20050209101008.0 010 $a88-14-03818-X 020 $aIT$b92-5401 035 $a000793506 035 $aFED01000793506 035 $a(Aleph)000793506FED01 035 $a000793506 100 $a20041020d1992----km-y0itay50------ba 101 0 $aita 102 $aIT 105 $ay-------001yy 200 1 $aLocazione di immobili ad uso diverso dall'abitazione$e171 problemi risolti con norme e consigli sugli affitti di box, negozi, uffici, capannoni e terreni$e1992$fFrancesco Tamborrino 210 $aMilano$cGiuffrè$d1992 215 $a131 p.$d24 cm 225 1 $aCosa & come$iCasa e territorio 676 $a346.4504$v11$zita 700 1$aTamborrino,$bFrancesco$09567 801 0$aIT$bUNINA$gRICA$2UNIMARC 901 $aBK 912 $a990007935060403321 952 $aP 57$bs.i.$fDSS 959 $aDSS 996 $aLocazione di immobili ad uso diverso dall'abitazione$9636613 997 $aUNINA LEADER 01092nam0-22003251i-450- 001 990008101910403321 005 20050502094921.0 035 $a000810191 035 $aFED01000810191 035 $a(Aleph)000810191FED01 035 $a000810191 100 $a20050502g19061908km-y0itay50------ba 101 0 $afre 102 $aFR 105 $ay-------001yy 200 1 $aInnocent III$fAchille Luchaire 210 $aParis$cHachette$d1906-1908 215 $a6 v.$din 8° 327 1 $aV. 1.: Rome et l'Italie. - 3. ed. - 1907$aV. 2.: La croisade des Albigeois$av. 3.: La papaute et l'empire$av. 4.: La question d'orient$av. 5.: Les royautes vassales du Saint-Siegé. - 1908$av. 6.: Le concile de latran et la reforme de l'eglise 517 1 $aInnocent troisieme 676 $a362.9$v12 rid.$zita 700 1$aLuchaire,$bAchille$f<1846-1908>$0218826 801 0$aIT$bUNINA$gRICA$2UNIMARC 901 $aBK 912 $a990008101910403321 952 $aIII L 93 (1)$b5184$fFGBC 952 $aIII L 92 (5)$b5185$fFGBC 959 $aFGBC 996 $aInnocent III$9221874 997 $aUNINA